000 00442nam a22001577a 4500
005 20251108164241.0
008 250721s9999 xx 000 0 ara d
082 1 4 _a350/بكر
100 1 _aالقباني، بكر
245 1 0 _aالقانون الإداري /
264 1 _aالقاهرة :
_bدار النهضة العربية،
_c[19-].
300 _a741ص
650 1 7 _aالإدارة العامة
942 _2ddc
_cBK
999 _c7462
_d7462